Biggest cities in Canada by province - Statistics

General Stats
  • This quiz has been taken 33 times
  • The average score is 11 of 13
Answer Stats
Province/Territory City % Correct
Nova Scotia Halifax
97%
Ontario Toronto
97%
British Columbia Vancouver
97%
Alberta Calgary
93%
Quebec Montreal
93%
Manitoba Winnipeg
93%
Saskatchewan Saskatoon
90%
Northwest Territories Yellowknife
87%
Newfoundland and Labrador St John's
83%
Yukon Whitehorse
80%
Prince Edward Island Charlottetown
67%
New Brunswick Moncton
60%
Nunavut Iqualuit
27%
No matching quizzes found
Score Distribution
Percent of People with Each Score
Percentile by Number Answered
Your Score History
You have not taken this quiz